000 00428cam a2200169ua 4500
020 _cRs 1.00
041 _amal
_h
082 _a599.61
_bGOV/AN
100 _aGovindan Nair, M N .
245 _aAana /
_cM N Govindan Nair.
_hTextual Documents
260 _aKottayam :
_bSahitya Pravarthaka Co-operative Society ,
_c1963.
300 _a36 ; .
365 _aRs 1.00
504 _a
942 _cBK
999 _c428
_d428